An introduction to mixed-signal IC test and measurement / (Record no. 67299)

000 -LEADER
fixed length control field 01258cam a22003014a 4500
001 - CONTROL NUMBER
control field 12021219
003 - CONTROL NUMBER IDENTIFIER
control field NUST - PNEC
005 - DATE AND TIME OF LATEST TRANSACTION
control field 20170116181017.0
008 - FIXED-LENGTH DATA ELEMENTS--GENERAL INFORMATION
fixed length control field 000525s2001 nyua b 001 0 eng
010 ## - LIBRARY OF CONGRESS CONTROL NUMBER
LC control number 00042770
020 ## - INTERNATIONAL STANDARD BOOK NUMBER
International Standard Book Number 0195140168
040 ## - CATALOGING SOURCE
Transcribing agency LIBRARY
082 00 - DEWEY DECIMAL CLASSIFICATION NUMBER
Classification number 621.3815 BUR
100 1# - MAIN ENTRY--PERSONAL NAME
Personal name Burns, Mark,
Dates associated with a name 1962-
245 13 - TITLE STATEMENT
Title An introduction to mixed-signal IC test and measurement /
Statement of responsibility, etc. Mark Burns, Gordon W. Roberts.
260 ## - PUBLICATION, DISTRIBUTION, ETC.
Place of publication, distribution, etc. New York :
Name of publisher, distributor, etc. Oxford University Press,
Date of publication, distribution, etc. c2001.
300 ## - PHYSICAL DESCRIPTION
Extent xx, 684 p. :
Other physical details ill. ;
Dimensions 25 cm.
440 #4 - SERIES STATEMENT/ADDED ENTRY--TITLE
Title The Oxford series in electrical and computer engineering
504 ## - BIBLIOGRAPHY, ETC. NOTE
Bibliography, etc. note Includes bibliographical references and index.
650 #0 - SUBJECT ADDED ENTRY--TOPICAL TERM
Topical term or geographic name entry element Integrated circuits
General subdivision Testing.
650 #0 - SUBJECT ADDED ENTRY--TOPICAL TERM
Topical term or geographic name entry element Mixed signal circuits
General subdivision EL
700 1# - ADDED ENTRY--PERSONAL NAME
Personal name Roberts, Gordon W.,
Dates associated with a name 1959-
856 42 - ELECTRONIC LOCATION AND ACCESS
Materials specified Publisher description
Uniform Resource Identifier <a href="http://www.loc.gov/catdir/enhancements/fy0610/00042770-d.html">http://www.loc.gov/catdir/enhancements/fy0610/00042770-d.html</a>
856 41 - ELECTRONIC LOCATION AND ACCESS
Materials specified Table of contents only
Uniform Resource Identifier <a href="http://www.loc.gov/catdir/enhancements/fy0610/00042770-t.html">http://www.loc.gov/catdir/enhancements/fy0610/00042770-t.html</a>
906 ## - LOCAL DATA ELEMENT F, LDF (RLIN)
a 7
b cbc
c orignew
d 1
e ocip
f 20
g y-gencatlg
942 ## - ADDED ENTRY ELEMENTS (KOHA)
Source of classification or shelving scheme
Koha item type Book
Holdings
Withdrawn status Lost status Source of classification or shelving scheme Damaged status Not for loan Permanent Location Current Location Shelving location Date acquired Total Checkouts Full call number Barcode Date last seen Price effective from Koha item type
          Pakistan Navy Engineering College (PNEC) Pakistan Navy Engineering College (PNEC)       621.3815 BUR PNECLIB-025674 09/14/2015   Book
© 2023 Central Library, National University of Sciences and Technology. All Rights Reserved.